Normal view
MARC view
Entry Personal Name
001 - CONTROL NUMBER
- control field: 55301
003 - CONTROL NUMBER IDENTIFIER
- control field: dpl
005 - DATE AND TIME OF LATEST TRANSACTION
- control field: 20130301162628.0
008 - FIXED-LENGTH DATA ELEMENTS
- fixed length control field: 130301|||a|||||| | ||| d
040 ## - CATALOGING SOURCE
- Original cataloging agency: dpl
- Transcribing agency: dpl
100 ## - HEADING--PERSONAL NAME
- Personal name: Jain, T.R
670 ## - SOURCE DATA FOUND
- Source citation: Work cat.: (dpl): Jain, T.R, Economics for engineers/, 2013(rep)
670 ## - SOURCE DATA FOUND
- Source citation: Work cat.: (dpl): Jain, T.R, Economics for engineers/, 2013(rep)
